| 000 | 00501 a2200169 4500 | ||
|---|---|---|---|
| 999 |
_c1599 _d1599 |
||
| 020 | _a9788131754474 | ||
| 050 | _aHD 9980 VER 2012 | ||
| 100 |
_aVerma,Harsh V _eauthor |
||
| 245 |
_aServices marketing : _b text and cases / _cHarsh V Verma |
||
| 264 |
_aNew Delhi: _b Pearson Education/Dorling Kindersley, _c2013 |
||
| 300 |
_axv1.659p.: _bill. |
||
| 500 | _aincludes index | ||
| 650 | _aservice industries | ||
| 651 | _amarketing | ||
| 700 |
_aHarsh V Verma _eauthor |
||
| 942 |
_2lcc _cBK _h9980 _iVER _kHD |
||